| 000 | 00546nam a2200181 4500 | ||
|---|---|---|---|
| 001 | 108704 | ||
| 003 | ES-MaACL | ||
| 005 | 20240501063045.0 | ||
| 007 | t| | ||
| 008 | 061121s1932 fr r ||||1| fre d | ||
| 100 | 1 |
_aMontaigne, Michel de, _d1533-1592 _982329 |
|
| 245 | 1 | 0 |
_aEssais / _cMichel de Montaigne; texte etabli et annoté par Albert Thibaudet. |
| 260 |
_aParís : _bR. Coulouma, _c1932. |
||
| 300 |
_a1089 p. ; _c18 cm. |
||
| 700 | 1 |
_aThibaudet, Albert. _9109918 |
|
| 852 |
_aES-MaACL _jB-8426 |
||
| 999 |
_c108704 _d108704 |
||